| 000 | 00441nam a2200145Ia 4500 | ||
|---|---|---|---|
| 008 | 230917s9999||||xx |||||||||||||| ||und|| | ||
| 040 |
_e74623 _aMAIN |
||
| 041 | _aEnglish | ||
| 082 | _a338.13 D451P | ||
| 100 | _aDesai, D K | ||
| 245 | 0 | _aPlanning and implementation of financing agriculture through area approach: a case study in Bihar state | |
| 260 |
_aAhmedabad _bIndian Institute of Management |
||
| 300 | _aiii, 148 p. | ||
| 942 | _cBK | ||
| 999 |
_c37714 _d37714 |
||